[Event "HUN-chT2 Breyer 1718"]
[Site "Hungary"]
[Date "2017.12.17"]
[Round "6.5"]
[White "Mullner, Imre"]
[Black "Horvath, Csaba3333"]
[Result "1/2-1/2"]
[WhiteElo "2159"]
[BlackElo "2222"]
[PlyCount "40"]
[EventDate "2017.09.24"]
[EventType "team-tourn"]
[EventRounds "11"]
[EventCountry "HUN"]
[SourceTitle "EXT 2021"]
[Source "ChessBase"]
[SourceDate "2020.10.23"]
[SourceVersion "1"]
[SourceVersionDate "2020.10.23"]
[SourceQuality "1"]
[WhiteTeam "Torokbalint"]
[BlackTeam "Naszaly Geniusz Tata"]
[WhiteTeamCountry "HUN"]
[BlackTeamCountry "HUN"]

1. e4 c5 2. Nf3 Nc6 3. d4 cxd4 4. Nxd4 Nf6 5. Nc3 e5 6. Ndb5 d6 7. Bg5 a6 8. Na3 b5 9. Nd5 Be7 10. Bxf6 Bxf6 11. c3 Bg5 12. Nc2 0-0 13. a4 bxa4 14. Rxa4 a5 15. Bc4 Rb8 16. b3 Bd7 17. Ra2 Kh8 18. Nce3 Bxe3 19. Nxe3 Be6 20. 0-0 Qe7 1/2-1/2

[Event "HUN-chT2 Maroczy 1516"]
[Site "Hungary"]
[Date "2016.04.03"]
[Round "8.7"]
[White "Mullner, Imre"]
[Black "Hardicsay, Peter"]
[Result "1/2-1/2"]
[WhiteElo "2117"]
[BlackElo "2249"]
[PlyCount "44"]
[EventDate "2015.10.18"]
[EventType "team-tourn"]
[EventRounds "9"]
[EventCountry "HUN"]
[SourceTitle "EXT 2017"]
[Source "ChessBase"]
[SourceDate "2016.10.25"]
[SourceVersion "1"]
[SourceVersionDate "2016.10.25"]
[SourceQuality "1"]
[WhiteTeam "MLTC"]
[BlackTeam "DVTK EMSE"]
[WhiteTeamCountry "HUN"]
[BlackTeamCountry "HUN"]

1. e4 c5 2. Nf3 Nc6 3. Bb5 Nf6 4. Nc3 g6 5. h3 a6 6. Bxc6 dxc6 7. d3 Bg7 8. 0-0 0-0 9. Be3 b6 10. a4 a5 11. Qd2 Re8 12. Rab1 e5 13. b3 Nd7 14. Bh6 Bh8 15. Rfe1 Nf8 16. Ne2 Ne6 17. Ng5 Ra7 18. Nxe6 Bxe6 19. Bg5 f6 20. Bh4 Bg7 21. f3 Bf8 22. Red1 Rd7 1/2-1/2

[Event "HUN-chT2 Maroczy 1516"]
[Site "Hungary"]
[Date "2016.03.20"]
[Round "7.8"]
[White "Mullner, Imre"]
[Black "Havasi, Janos"]
[Result "0-1"]
[WhiteElo "2117"]
[BlackElo "2149"]
[PlyCount "102"]
[EventDate "2015.10.18"]
[EventType "team-tourn"]
[EventRounds "9"]
[EventCountry "HUN"]
[SourceTitle "EXT 2017"]
[Source "ChessBase"]
[SourceDate "2016.10.25"]
[SourceVersion "1"]
[SourceVersionDate "2016.10.25"]
[SourceQuality "1"]
[WhiteTeam "MLTC"]
[BlackTeam "Vasas"]
[WhiteTeamCountry "HUN"]
[BlackTeamCountry "HUN"]

1. e4 e6 2. d4 d5 3. e5 c5 4. c3 Nc6 5. Nf3 Bd7 6. Be2 f6 7. 0-0 fxe5 8. Nxe5 Nxe5 9. dxe5 Qc7 10. Re1 0-0-0 11. Bf1 Ne7 12. Na3 a6 13. Nc2 Nc6 14. Bg5 Re8 15. f4 h6 16. Qh5 g6 17. Qh4 Bg7 18. Bf6 Bxf6 19. Qxf6 Rhg8 20. Qh4 g5 21. Qxh6 gxf4 22. Qxf4 Ref8 23. Qe3 Rf5 24. Qxc5 Nxe5 25. Qxc7+ Kxc7 26. Nd4 Rh5 27. Rad1 Kd6 28. b3 Rgh8 29. h3 Rg5 30. Re3 Ng6 31. Nf3 Rgh5 32. c4 Nf4 33. Nh2 Rg5 34. Ng4 e5 35. cxd5 Bxg4 36. hxg4 Rxg4 37. g3 Nh5 38. Kf2 Rf8+ 39. Kg2 Rfg8 40. Kh3 Rxg3+ 41. Rxg3 Nxg3 42. Bc4 Nh5 43. a4 Nf4+ 44. Kh2 e4 45. Re1 Ke5 46. d6 Rg2+ 47. Kh1 Rd2 48. d7 Rxd7 49. Kh2 Rd2+ 50. Kg3 Rg2+ 51. Kh4 Kf5 0-1

[Event "HUN-chT2 Maroczy 1314"]
[Site "Hungary"]
[Date "2014.04.27"]
[Round "11"]
[White "Mullner, Imre"]
[Black "Szabo, Laszlo4444"]
[Result "0-1"]
[WhiteElo "2120"]
[BlackElo "1947"]
[PlyCount "82"]
[EventDate "2013.09.08"]
[EventType "team-tourn"]
[EventRounds "11"]
[EventCountry "HUN"]
[SourceTitle "EXT 2016"]
[Source "ChessBase"]
[SourceDate "2015.10.08"]
[SourceVersion "1"]
[SourceVersionDate "2015.10.08"]
[SourceQuality "1"]
[WhiteTeam "Budapest MLTC II"]
[BlackTeam "Hajduboszormeny"]
[WhiteTeamCountry "HUN"]
[BlackTeamCountry "HUN"]

1. e4 e6 2. d4 d5 3. e5 c5 4. c3 Nc6 5. Nf3 Qb6 6. a3 c4 7. g3 Bd7 8. Bh3 Be7 9. Qe2 Na5 10. Nbd2 Rc8 11. a4 h5 12. 0-0 g5 13. Ne1 g4 14. Bg2 Nh6 15. f3 Kd8 16. Nc2 Kc7 17. Ne3 Rcg8 18. f4 h4 19. Bxd5 hxg3 20. hxg3 Kb8 21. Be4 Bc6 22. Qg2 Bxe4 23. Nxe4 Nf5 24. Nxf5 exf5 25. Ng5 Nb3 26. Rb1 Bxg5 27. fxg5 Nxc1 28. Rfxc1 Rxg5 29. Qd5 Rgh5 30. Rf1 Ka8 31. Qxc4 Qh6 32. Qd3 Rh1+ 33. Kf2 Qh2+ 34. Ke1 Qg2 35. Rd1 Rxf1+ 36. Qxf1 Rh1 37. Qxh1 Qxh1+ 38. Kd2 Qg2+ 39. Kc1 Qxg3 40. d5 Qxe5 41. d6 Qe8 0-1

[Event "HUN-chT2 Maroczy 1314"]
[Site "Hungary"]
[Date "2014.04.13"]
[Round "10"]
[White "Mullner, Imre"]
[Black "Piroska, Istvan"]
[Result "0-1"]
[WhiteElo "2120"]
[BlackElo "2115"]
[PlyCount "72"]
[EventDate "2013.09.08"]
[EventType "team-tourn"]
[EventRounds "11"]
[EventCountry "HUN"]
[SourceTitle "EXT 2016"]
[Source "ChessBase"]
[SourceDate "2015.10.08"]
[SourceVersion "1"]
[SourceVersionDate "2015.10.08"]
[SourceQuality "1"]
[WhiteTeam "Budapest MLTC II"]
[BlackTeam "Penzugyor II"]
[WhiteTeamCountry "HUN"]
[BlackTeamCountry "HUN"]

1. e4 e5 2. Nf3 Nc6 3. Bb5 a6 4. Ba4 Nf6 5. d3 Bc5 6. 0-0 d6 7. c3 0-0 8. Nbd2 Ba7 9. Bc2 Ne7 10. d4 Ng6 11. Nc4 Qe7 12. Re1 Bg4 13. dxe5 dxe5 14. h3 Qc5 15. Qe2 Bxf3 16. gxf3 b5 17. Na5 Nh5 18. Be3 Qd6 19. Kh2 Qf6 20. Rg1 Nhf4 21. Qf1 Rfd8 22. Rd1 Nh4 23. Rg3 Rxd1 24. Bxd1 Nh5 25. Rg4 Nxf3+ 26. Bxf3 Qxf3 27. Bxa7 Rxa7 28. Nc6 Ra8 29. Nxe5 Qf6 30. Nd3 Rd8 31. e5 Qf5 32. Rd4 Rxd4 33. cxd4 Nf4 34. Nc5 a5 35. Kg3 g5 36. Qh1 Ne2+ 0-1

[Event "HUN-chT2 Maroczy 1011"]
[Site "Hungary"]
[Date "2011.04.17"]
[Round "9"]
[White "Korpa, Bence"]
[Black "Mullner, Imre"]
[Result "1-0"]
[WhiteElo "2228"]
[BlackElo "2213"]
[PlyCount "127"]
[EventDate "2010.09.12"]
[EventType "team-tourn"]
[EventRounds "11"]
[EventCountry "HUN"]
[SourceTitle "EXT 2012"]
[Source "ChessBase"]
[SourceDate "2011.11.24"]
[SourceVersion "1"]
[SourceVersionDate "2011.11.24"]
[SourceQuality "1"]
[WhiteTeam "Miskolc EMSE"]
[BlackTeam "MLTC II"]
[WhiteTeamCountry "HUN"]
[BlackTeamCountry "HUN"]

1. e4 e6 2. d4 d5 3. Nc3 Nf6 4. e5 Nfd7 5. f4 c5 6. Nf3 Nc6 7. Be3 a6 8. Qd2 cxd4 9. Nxd4 Bc5 10. 0-0-0 Nxd4 11. Bxd4 Bxd4 12. Qxd4 Qb6 13. Qxb6 Nxb6 14. Bd3 Bd7 15. Ne2 f6 16. Nd4 fxe5 17. fxe5 0-0 18. Rhf1 Rxf1 19. Rxf1 Nc8 20. Kd2 Ne7 21. Ke3 Nc6 22. Nxc6 Bxc6 23. Kd4 b6 24. Rf3 Be8 25. Rh3 h6 26. g4 Kf7 27. Rf3+ Ke7 28. h4 a5 29. h5 Rc8 30. c3 Rc7 31. Rf4 Rc5 32. b3 Rc7 33. Bg6 a4 34. Bxe8 Kxe8 35. Kd3 axb3 36. axb3 Ra7 37. Rb4 Ra6 38. Ke3 Kd7 39. Kd3 Kc6 40. Rf4 Ra7 41. Rf8 Re7 42. Ke3 b5 43. b4 Kb7 44. Kd3 Ka7 45. Rd8 Kb7 46. Rd6 Kc7 47. Kd4 Rf7 48. Rxe6 Rf4+ 49. Kxd5 Rxg4 50. Re7+ Kd8 51. Rb7 Rg3 52. Rxb5 Rxc3 53. Rb7 Rd3+ 54. Ke6 Rg3 55. b5 Kc8 56. Re7 Rg5 57. b6 Rxh5 58. Rc7+ Kb8 59. Rxg7 Rh1 60. Ke7 h5 61. e6 Rf1 62. Rh7 Kb7 63. Rf7 Re1 64. Kf8+ 1-0

[Event "HUN-chT2 Maroczy 1011"]
[Site "Hungary"]
[Date "2010.11.21"]
[Round "6"]
[White "Mullner, Imre"]
[Black "Mester, Attila"]
[Result "1-0"]
[WhiteElo "2213"]
[BlackElo "2113"]
[PlyCount "81"]
[EventDate "2010.09.12"]
[EventType "team-tourn"]
[EventRounds "11"]
[EventCountry "HUN"]
[SourceTitle "EXT 2012"]
[Source "ChessBase"]
[SourceDate "2011.11.24"]
[SourceVersion "1"]
[SourceVersionDate "2011.11.24"]
[SourceQuality "1"]
[WhiteTeam "MLTC II"]
[BlackTeam "Penzugyor II"]
[WhiteTeamCountry "HUN"]
[BlackTeamCountry "HUN"]

1. e4 c5 2. Nf3 Nc6 3. Bb5 Qb6 4. Ba4 g6 5. 0-0 Bg7 6. c3 e5 7. Na3 Nge7 8. Nc4 Qc7 9. Ne3 0-0 10. a3 a6 11. b4 b5 12. Bc2 d6 13. Bb2 h6 14. Nh4 Be6 15. d3 a5 16. Bb3 axb4 17. axb4 Rxa1 18. Bxa1 Kh7 19. bxc5 dxc5 20. Bxe6 fxe6 21. Qb3 Qd6 22. Qxb5 Rb8 23. Qa6 Rd8 24. Rd1 Qb8 25. Qc4 Qd6 26. Nf3 Na5 27. Qb5 Nec6 28. Nc4 Nxc4 29. Qxc4 Rb8 30. Qa6 g5 31. Nd2 Qd7 32. h3 Rb7 33. Nc4 Qc7 34. Qa8 Qd7 35. Qa4 Kg6 36. Bb2 Bf8 37. Qxc6 Qxc6 38. Nxe5+ Kf6 39. Nxc6 Rxb2 40. e5+ Kf7 41. Ra1 1-0

[Event "HUN-chT2 Maroczy 0910"]
[Site "Hungary"]
[Date "2010.02.14"]
[Round "6"]
[White "Pasztorcsik, Janos"]
[Black "Mullner, Imre"]
[Result "1/2-1/2"]
[WhiteElo "2110"]
[BlackElo "2198"]
[PlyCount "80"]
[EventDate "2009.11.08"]
[EventType "team-tourn"]
[EventRounds "11"]
[EventCountry "HUN"]
[SourceTitle "EXT 2011"]
[Source "ChessBase"]
[SourceDate "2010.11.26"]
[SourceVersion "1"]
[SourceVersionDate "2010.11.26"]
[SourceQuality "1"]
[WhiteTeam "Oroshaza"]
[BlackTeam "MLTC II"]
[WhiteTeamCountry "HUN"]
[BlackTeamCountry "HUN"]

1. d4 Nf6 2. Bg5 d5 3. Bxf6 gxf6 4. e3 c6 5. Nf3 Bg7 6. c4 e5 7. cxd5 Qxd5 8. Nc3 Qa5 9. Qb3 b5 10. 0-0-0 b4 11. Ne4 0-0 12. Bc4 Ba6 13. dxe5 Bxc4 14. Qxc4 fxe5 15. Nd6 Qa6 16. Qb3 c5 17. Qd5 Nc6 18. Ng5 Ne7 19. Qe4 f5 20. Qh4 Rf6 21. Qc4+ Qxc4+ 22. Nxc4 Rg6 23. h4 h6 24. Nf3 e4 25. Ne1 Nc6 26. g3 Rd8 27. Ng2 Re6 28. Rxd8+ Nxd8 29. Rd1 Nc6 30. Nf4 Re7 31. Rd5 Ne5 32. Nxe5 Rxe5 33. Rd7 a5 34. Nh5 Bh8 35. Rd8+ Kh7 36. Rd7+ Kg8 37. Rd8+ Kh7 38. Nf4 Bg7 39. Rd7 Kg8 40. Nh5 Bh8 1/2-1/2

[Event "HUN-chT2 Maroczy 0809"]
[Site "Hungary"]
[Date "2009.02.08"]
[Round "7"]
[White "Mullner, Imre"]
[Black "Kiss, Balazs1111"]
[Result "1-0"]
[WhiteElo "2237"]
[BlackElo "2107"]
[PlyCount "81"]
[EventDate "2008.10.26"]
[EventType "team-tourn"]
[EventRounds "11"]
[EventCountry "HUN"]
[SourceTitle "EXT 2010"]
[Source "ChessBase"]
[SourceDate "2010.11.25"]
[SourceVersion "1"]
[SourceVersionDate "2010.11.25"]
[SourceQuality "1"]
[WhiteTeam "MLTC II"]
[BlackTeam "Oroshaza"]
[WhiteTeamCountry "HUN"]
[BlackTeamCountry "HUN"]

1. e4 e5 2. Nf3 Nc6 3. Bb5 a6 4. Ba4 Nf6 5. d3 b5 6. Bb3 Bc5 7. a4 Rb8 8. axb5 axb5 9. Nc3 0-0 10. 0-0 h6 11. Nd5 d6 12. c3 Nxd5 13. exd5 Ne7 14. d4 exd4 15. Nxd4 Bd7 16. Be3 Nf5 17. Qd3 Nxe3 18. fxe3 Qg5 19. Rf3 Rbe8 20. Bc2 g6 21. Rg3 Qh5 22. Rf1 Re5 23. Bd1 Qh4 24. Rxg6+ Kh8 25. Bc2 f5 26. Rg3 Rxd5 27. b4 Bb6 28. Rf4 Qe7 29. Qe2 Re5 30. Qh5 Rf6 31. Rh4 Qh7 32. Qf3 c5 33. Qb7 cxd4 34. Qxb6 Qe7 35. Qxd4 Kh7 36. Qf4 Qf8 37. h3 Be6 38. Rg5 Rg6 39. Rxg6 Kxg6 40. e4 fxe4 41. Qxf8 1-0

[Event "HUN-chT2 Maroczy 0809"]
[Site "Hungary"]
[Date "2008.12.21"]
[Round "4"]
[White "Szabo, Laszlo3333"]
[Black "Mullner, Imre"]
[Result "0-1"]
[WhiteElo "1972"]
[BlackElo "2237"]
[PlyCount "60"]
[EventDate "2008.10.26"]
[EventType "team-tourn"]
[EventRounds "11"]
[EventCountry "HUN"]
[SourceTitle "EXT 2010"]
[Source "ChessBase"]
[SourceDate "2010.11.25"]
[SourceVersion "1"]
[SourceVersionDate "2010.11.25"]
[SourceQuality "1"]
[WhiteTeam "Hajduboszormeny"]
[BlackTeam "MLTC II"]
[WhiteTeamCountry "HUN"]
[BlackTeamCountry "HUN"]

1. e4 c5 2. c3 d5 3. exd5 Qxd5 4. d4 Nf6 5. Nf3 e6 6. Be2 Nc6 7. 0-0 Be7 8. Bg5 cxd4 9. cxd4 0-0 10. Nc3 Qd8 11. a3 b6 12. Rc1 Bb7 13. Bd3 h6 14. Be3 Re8 15. Bb1 Bf8 16. Qd3 Rc8 17. Ne4 Nxe4 18. Qxe4 g6 19. Ne5 Qd5 20. Ng4 Qxe4 21. Nf6+ Kh8 22. Bxe4 Red8 23. d5 exd5 24. Nxd5 Bg7 25. Nc3 Na5 26. Bxb7 Nxb7 27. Nb5 Rxc1 28. Bxc1 a6 29. Nc7 a5 30. b4 Be5 0-1

[Event "HUN-chT2 Erkel 0708"]
[Site "Hungary"]
[Date "2008.03.30"]
[Round "9"]
[White "Sillye, Kalman"]
[Black "Mullner, Imre"]
[Result "1/2-1/2"]
[WhiteElo "2105"]
[BlackElo "2210"]
[PlyCount "50"]
[EventDate "2007.10.14"]
[EventType "team"]
[EventRounds "11"]
[EventCountry "HUN"]
[SourceTitle "EXT 2009"]
[Source "ChessBase"]
[SourceDate "2008.11.26"]
[SourceVersion "1"]
[SourceVersionDate "2008.11.26"]
[SourceQuality "1"]
[WhiteTeam "Godollo"]
[BlackTeam "Statisztika II"]
[WhiteTeamCountry "HUN"]
[BlackTeamCountry "HUN"]

1. d4 Nf6 2. Nf3 g6 3. Bf4 Bg7 4. e3 b6 5. h3 Bb7 6. Be2 0-0 7. 0-0 c5 8. c3 d6 9. Nbd2 Nbd7 10. Qb1 cxd4 11. exd4 e5 12. Bh2 e4 13. Ne1 d5 14. Bf4 Ne8 15. f3 f5 16. fxe4 fxe4 17. Nc2 Qe7 18. Qe1 Nd6 19. Ne3 Rxf4 20. Rxf4 Bh6 21. Qg3 Bxf4 22. Qxf4 Rf8 23. Qg3 b5 24. a3 Bc6 25. Rf1 Rxf1+ 1/2-1/2